| 000 | 00342pam a2200145a 44500 | ||
|---|---|---|---|
| 008 | 230405s2012 xxu||||| |||| 00| 0 eng d | ||
| 041 | _aENG | ||
| 100 | _aSHAGUFTA | ||
| 245 | _aAGRONOMY | ||
| 250 | _a1 Ed. | ||
| 260 |
_aNEW DELHI _bAPH PUB _c2012 |
||
| 300 | _a290p. | ||
| 440 | _aMEHTA BOOK SELLERS ,KOLHAPUR , B- 47642 | ||
| 906 | _a1704 | ||
| 999 |
_c290582 _d290582 |
||